000 00202nam a22000857a 4500
008 170116b xxu||||| |||| 00| 0 eng d
100 _92442
_aRaja
245 _aHindi Books
260 _aNew Delhi
_bPocket books
999 _c5488
_d5488